000 01581nam a2200397 c 4500
001 23134
003 ES-MaCES
005 20150929123838.0
008 100628s2010 sp d 000 | spa d
035 _aCES20100004981m
040 _aES-MaCES
_bspa
_cES-MaCES
245 0 0 _aRelaciones laborales en los establecimientos hoteleros
_b: los y las trabajadoras ante la crisis del modelo laboral y económico hotelero
_cGabinete Federal de Estudios FECOHT-CCOO, Federación Estatal de Hostelería, Comercio y Turismo de Comisiones Obreras ; Equipo investigador, Daniel Albarracín (coord.), Mariluz Castellanos ... [et al.]
260 _a[Madrid]
_bFECOHT-CCOO
_c2010
300 _a269 p.
_bgráf. col.
_c30 cm
500 _aTít. tomado de la cub
500 _aEjemp. fotocopiado
541 _cGratuito
650 4 _aindustria hotelera
_931747
650 4 _acrisis económica
_927102
650 4 _anegociación colectiva
_928362
650 4 _acondiciones de empleo
_930040
650 4 _acondiciones de trabajo
_928327
650 4 _aEspaña
_926964
650 4 _aComunidades Autónomas
_930768
650 4 _aencuesta
_928856
653 1 0 _aRelaciones laborales-Empleo
650 4 _928369
_arelaciones laborales
650 4 _927889
_ahotel
650 4 _927890
_aturismo
700 1 _aCastellanos, Mariluz
_99253
700 1 _aAlbarracín, Daniel
_ecol.
_95784
710 2 _aComisiones Obreras
_bFederación Estatal de Hostelería, Comercio y Turismo
_92125
902 _aDOC Literatura gris
942 _2CES
_cBK
_h2.0.
999 _c23134
_d23134